[Event "GER-ch U18"]
[Site "Willingen"]
[Date "2024.05.25"]
[Round "9"]
[White "Metzdorf, Matteo"]
[Black "Scharf, Christian"]
[Result "1-0"]
[WhiteElo "2131"]
[BlackElo "1812"]
[PlyCount "59"]
[EventDate "2024.05.19"]
[EventType "swiss"]
[EventRounds "9"]
[EventCountry "GER"]
[SourceTitle "CBM 220 Extra"]
[Source "ChessBase"]
[SourceDate "2024.07.31"]
[SourceVersion "1"]
[SourceVersionDate "2024.07.31"]
[SourceQuality "1"]

1. e4 e6 2. d4 d5 3. Nc3 Nf6 4. e5 Nfd7 5. f4 c5 6. Nf3 Nc6 7. Be3 cxd4 8. Nxd4 Bc5 9. Qd2 0-0 10. 0-0-0 a6 11. g4 Nxd4 12. Bxd4 b5 13. Bg2 b4 14. Ne2 Qc7 15. Rhe1 a5 16. Bxc5 Nxc5 17. Nd4 Ba6 18. Kb1 a4 19. Qxb4 Rfb8 20. Qd2 Rb7 21. Re3 Rab8 22. b3 axb3 23. cxb3 Qb6 24. Rc1 f6 25. exf6 gxf6 26. Nxe6 Bc4 27. Bxd5 Rd7 28. Rxc4 Nxe6 29. Rxe6 Qg1+ 30. Re1+ 1-0

[Event "GER-ch U18"]
[Site "Willingen"]
[Date "2024.05.22"]
[Round "6"]
[White "Morczynski, Joachim"]
[Black "Scharf, Christian"]
[Result "1-0"]
[WhiteElo "1980"]
[BlackElo "1812"]
[PlyCount "71"]
[EventDate "2024.05.19"]
[EventType "swiss"]
[EventRounds "9"]
[EventCountry "GER"]
[SourceTitle "CBM 220 Extra"]
[Source "ChessBase"]
[SourceDate "2024.07.31"]
[SourceVersion "1"]
[SourceVersionDate "2024.07.31"]
[SourceQuality "1"]

1. e4 c5 2. Nf3 d6 3. d4 cxd4 4. Qxd4 Nc6 5. Bb5 Bd7 6. Bxc6 Bxc6 7. Nc3 Nf6 8. Bg5 e6 9. 0-0-0 Be7 10. Qd3 Qa5 11. h4 h6 12. Bxf6 Bxf6 13. Nd4 Qb6 14. f4 Qxd4 15. Qxd4 Bxd4 16. Rxd4 Ke7 17. Rhd1 g5 18. hxg5 hxg5 19. fxg5 Rh2 20. b4 Rxg2 21. b5 Be8 22. Rxd6 Rxg5 23. a4 Rc8 24. Nb1 Rg2 25. Na3 Rc3 26. Kb2 Re3 27. Rd8 Rxe4 28. Rb8 Rxa4 29. Rxb7+ Kf6 30. Rd8 Rg8 31. Rbb8 Ke7 32. c4 a6 33. b6 a5 34. Nc2 Rxc4 35. Rxe8+ Rxe8 36. Rxe8+ 1-0

[Event "GER-ch U18"]
[Site "Willingen"]
[Date "2024.05.19"]
[Round "1"]
[White "Scharf, Christian"]
[Black "Hecht, Jonas Christian"]
[Result "1/2-1/2"]
[WhiteElo "1812"]
[BlackElo "2101"]
[PlyCount "130"]
[EventDate "2024.05.19"]
[EventType "swiss"]
[EventRounds "9"]
[EventCountry "GER"]
[SourceTitle "CBM 220 Extra"]
[Source "ChessBase"]
[SourceDate "2024.07.31"]
[SourceVersion "1"]
[SourceVersionDate "2024.07.31"]
[SourceQuality "1"]

1. e4 e6 2. d4 d5 3. exd5 exd5 4. Nf3 Bd6 5. Bd3 Ne7 6. 0-0 0-0 7. Re1 Bf5 8. Nc3 Bxd3 9. Qxd3 c6 10. Ne2 Ng6 11. Be3 Nd7 12. b3 Nf6 13. Ng3 Qd7 14. Bg5 Bxg3 15. hxg3 Ne4 16. Bc1 f5 17. Ng5 Rae8 18. Nxe4 fxe4 19. Qe2 Rf7 20. Ba3 Qf5 21. c4 Qg5 22. Qe3 Qh5 23. Qe2 Qg5 24. Qe3 Qg4 25. Qe2 Qd7 26. Rad1 Rf6 27. cxd5 cxd5 28. Rc1 Nf8 29. Rc2 Ne6 30. Bb2 Ref8 31. Qd1 Ng5 32. Bc1 Ne6 33. Be3 Rf5 34. Qe2 Re8 35. Rec1 Rff8 36. Rc3 Rc8 37. Qc2 Rxc3 38. Qxc3 h6 39. Qa5 a6 40. Qd2 Rc8 41. Rc3 Rxc3 42. Qxc3 Kh7 43. Qc2 Qc6 44. Qxc6 bxc6 45. Kf1 Kg6 46. Ke2 c5 47. dxc5 d4 48. Bc1 Nxc5 49. Bb2 Ne6 50. b4 h5 51. a4 Kf6 52. f3 e3 53. Kd3 g6 54. b5 axb5 55. axb5 Ke5 56. b6 Kd6 57. b7 Kc7 58. Bxd4 Nxd4 59. Kxe3 Nf5+ 60. Kf4 Kxb7 61. Kg5 Nxg3 62. Kxg6 Kc7 63. Kg5 Kd6 64. Kh4 Ne2 65. g4 hxg4 1/2-1/2

[Event "Oberliga Nord O 2324"]
[Site "Germany"]
[Date "2024.04.28"]
[Round "9.5"]
[White "Pryvalov, Ivan"]
[Black "Scharf, Christian"]
[Result "1-0"]
[WhiteElo "2073"]
[BlackElo "1829"]
[PlyCount "93"]
[EventDate "2023.10.22"]
[EventType "team-tourn"]
[EventRounds "9"]
[EventCountry "GER"]
[SourceTitle "EXT 2025"]
[Source "ChessBase"]
[SourceDate "2024.10.14"]
[SourceVersion "1"]
[SourceVersionDate "2024.10.14"]
[SourceQuality "1"]
[WhiteTeam "Forst"]
[BlackTeam "Guestrow/Teterow"]
[WhiteTeamCountry "GER"]
[BlackTeamCountry "GER"]

1. d4 Nf6 2. Nf3 d5 3. e3 c5 4. c4 cxd4 5. exd4 g6 6. Nc3 Bg7 7. Be3 0-0 8. h3 Nc6 9. a3 a5 10. Rc1 e6 11. c5 Re8 12. Bb5 Bd7 13. 0-0 Ne4 14. Na4 Ne5 15. Be2 Nxf3+ 16. Bxf3 Bxa4 17. Qxa4 e5 18. dxe5 Bxe5 19. Bxe4 dxe4 20. Rfd1 Qf6 21. c6 bxc6 22. Rxc6 Qg7 23. b4 axb4 24. Qxb4 f5 25. a4 f4 26. Bb6 Bb8 27. Qc4+ Qf7 28. Qxf7+ Kxf7 29. Rd7+ Re7 30. Rxe7+ Kxe7 31. Rc4 e3 32. fxe3 fxe3 33. Bxe3 Kd7 34. Kf1 Ba7 35. Ke2 Re8 36. Rc3 Re4 37. Rd3+ Ke7 38. Ra3 Bc5 39. Kf3 Bxa3 40. Kxe4 Kd6 41. a5 Kc7 42. a6 h5 43. Kd5 Be7 44. Ke6 Bd8 45. Kf7 g5 46. Kg6 g4 47. Bg5 1-0

[Event "Mecklenburg VP-chA"]
[Site "Greifswald"]
[Date "2024.03.24"]
[Round "4"]
[White "Scharf, Christian"]
[Black "Roehl, Rainer"]
[Result "0-1"]
[WhiteElo "1789"]
[BlackElo "1994"]
[PlyCount "52"]
[EventDate "2024.03.23"]
[EventType "swiss"]
[EventRounds "7"]
[EventCountry "GER"]
[SourceTitle "CBM 219 Extra"]
[Source "ChessBase"]
[SourceDate "2024.05.31"]
[SourceVersion "1"]
[SourceVersionDate "2024.05.31"]
[SourceQuality "1"]

1. e4 c5 2. Nf3 g6 3. d4 cxd4 4. Nxd4 Nc6 5. c4 Nf6 6. Nc3 d6 7. Be2 Nxd4 8. Qxd4 Bg7 9. Be3 0-0 10. Qd2 Be6 11. Rc1 Qa5 12. b3 Rfc8 13. f3 a6 14. Na4 Qxd2+ 15. Kxd2 Nd7 16. g4 Rc6 17. h4 Rac8 18. Rhd1 b6 19. h5 a5 20. h6 Bh8 21. f4 Nc5 22. Nxc5 bxc5 23. Kc2 a4 24. Rb1 axb3+ 25. Rxb3 Ra6 26. a3 Bd7 0-1

[Event "Mecklenburg VP Verbandsliga 2223"]
[Site "Mecklenburg VP"]
[Date "2023.04.23"]
[Round "8.6"]
[White "Jung, Werner"]
[Black "Scharf, Christian"]
[Result "0-1"]
[WhiteElo "2009"]
[BlackElo "1336"]
[PlyCount "30"]
[EventDate "2022.10.23"]
[EventType "team-tourn"]
[EventRounds "9"]
[EventCountry "GER"]
[SourceTitle "EXT 2024"]
[Source "ChessBase"]
[SourceDate "2023.10.10"]
[SourceVersion "1"]
[SourceVersionDate "2023.10.10"]
[SourceQuality "1"]
[WhiteTeam "Schwerin SF II"]
[BlackTeam "Guestrow/Teterow"]
[WhiteTeamCountry "GER"]
[BlackTeamCountry "GER"]

1. e4 c5 2. Nf3 d6 3. d4 cxd4 4. Nxd4 Nf6 5. Nc3 a6 6. Be3 e6 7. f3 b5 8. Qd2 Nbd7 9. g4 b4 10. Nce2 h6 11. Ng3 Qc7 12. Bd3 d5 13. exd5 Nxd5 14. 0-0-0 Rb8 15. Kb1 Nc3+ 0-1

[Event "Oberliga Nord O 2122"]
[Site "Germany"]
[Date "2021.11.21"]
[Round "2.8"]
[White "Scharf, Christian"]
[Black "Woll, Wilfried"]
[Result "1-0"]
[WhiteElo "1220"]
[BlackElo "2032"]
[PlyCount "119"]
[EventDate "2021.10.31"]
[EventType "team-tourn"]
[EventRounds "9"]
[EventCountry "GER"]
[SourceTitle "EXT 2023"]
[Source "ChessBase"]
[SourceDate "2022.10.05"]
[SourceVersion "1"]
[SourceVersionDate "2022.10.05"]
[SourceQuality "1"]
[WhiteTeam "Guestrow/Teterow"]
[BlackTeam "Greifswald"]
[WhiteTeamCountry "GER"]
[BlackTeamCountry "GER"]

1. e4 e6 2. d4 d5 3. exd5 exd5 4. Bd3 Bd6 5. Nf3 Bg4 6. 0-0 Ne7 7. h3 Bh5 8. Nbd2 Nbc6 9. c3 Qd7 10. Qa4 0-0 11. Re1 a6 12. Qc2 Bg6 13. Nf1 f6 14. Ne3 Rae8 15. Bxg6 hxg6 16. a4 Nd8 17. b3 c6 18. Ba3 Bxa3 19. Rxa3 Ne6 20. g3 Kf7 21. Kg2 Rh8 22. Rh1 Nc8 23. Ng4 Rh5 24. Raa1 Nd6 25. Rae1 Ne4 26. Ne3 g5 27. Nd2 g6 28. Nxe4 dxe4 29. Ng4 Qd5 30. Ne3 Qd8 31. Ng4 f5 32. Ne5+ Kg7 33. f3 exf3+ 34. Nxf3 g4 35. hxg4 Rxh1 36. Rxh1 fxg4 37. Ne5 Qd5+ 38. Kg1 Nf8 39. Qh2 Rxe5 40. Qh8+ Kf7 41. Qxe5 Qxb3 42. Qf4+ Kg8 43. Rh2 Qxc3 44. Rf2 Qe1+ 45. Rf1 Qe7 46. Qxg4 Kg7 47. Qh4 g5 48. Qh5 Qe3+ 49. Kg2 Ng6 50. Qf3 Qxd4 51. Rf2 Ne7 52. Qf8+ Kg6 53. Qe8+ Kg7 54. Qb8 Qe4+ 55. Kh2 Qh7+ 56. Kg1 Qb1+ 57. Rf1 Qe4 58. Qf8+ Kg6 59. Qe8+ Kh6 60. Rf6+ 1-0

[Event "Mecklenburg VP-ch MT"]
[Site "Greifswald"]
[Date "2021.06.26"]
[Round "5"]
[White "Scharf, Christian"]
[Black "Herrmann, Jakob"]
[Result "1-0"]
[WhiteElo "1050"]
[BlackElo "1533"]
[PlyCount "103"]
[EventDate "2021.06.24"]
[EventType "swiss"]
[EventRounds "7"]
[EventCountry "GER"]
[SourceTitle "EXT 2022"]
[Source "ChessBase"]
[SourceDate "2021.10.06"]
[SourceVersion "1"]
[SourceVersionDate "2021.10.06"]
[SourceQuality "1"]

1. e4 c5 2. Nf3 d6 3. Bb5+ Bd7 4. Bxd7+ Nxd7 5. 0-0 Ngf6 6. Re1 Qc7 7. d3 g6 8. Nbd2 Bg7 9. h3 0-0 10. Nf1 b5 11. c3 Qb7 12. Ng3 b4 13. Re2 Ne5 14. Nxe5 dxe5 15. Be3 Rac8 16. Rc1 Rfd8 17. Rd2 Ne8 18. cxb4 cxb4 19. Rxc8 Rxc8 20. Rc2 Rxc2 21. Qxc2 e6 22. Qc5 a6 23. Bd2 Qd7 24. Qc4 Bf8 25. Qxa6 Qd4 26. b3 Bc5 27. Be3 Qa1+ 28. Nf1 Bxe3 29. fxe3 Qc3 30. Qc4 Qxc4 31. dxc4 Nd6 32. Nd2 Kf8 33. Kf2 Ke7 34. Ke2 Kd7 35. c5 Nb7 36. Kd3 Nxc5+ 37. Kc4 Kc6 38. Kxb4 f5 39. Kc4 Nb7 40. exf5 exf5 41. a4 e4 42. Kd4 Nc5 43. g3 Kb6 44. Nc4+ Kc6 45. Ne5+ Kb6 46. Kc4 Nb7 47. b4 g5 48. Nd7+ Kc7 49. Nf6 Nd6+ 50. Kd4 Kb6 51. Nxh7 Nf7 52. g4 1-0

[Event "Mecklenburg VP-ch U14"]
[Site "Malchow"]
[Date "2019.02.03"]
[Round "2.3"]
[White "Scharf, Christian"]
[Black "Tovmasyan, Minas"]
[Result "0-1"]
[WhiteElo "1050"]
[BlackElo "1594"]
[PlyCount "78"]
[EventDate "2019.02.02"]
[EventType "swiss"]
[EventRounds "7"]
[EventCountry "GER"]
[SourceTitle "EXT 2022"]
[Source "ChessBase"]
[SourceDate "2021.10.06"]
[SourceVersion "1"]
[SourceVersionDate "2021.10.06"]
[SourceQuality "1"]

1. e4 c5 2. Nf3 e6 3. g3 Qc7 4. Bg2 a6 5. 0-0 b5 6. a4 b4 7. c3 Bb7 8. d3 d6 9. Re1 Nc6 10. Bf4 e5 11. Be3 Nf6 12. Nbd2 Be7 13. Nc4 Na5 14. Nfd2 Nxc4 15. Nxc4 d5 16. exd5 Bxd5 17. Bxd5 Nxd5 18. Bd2 bxc3 19. bxc3 0-0 20. Rxe5 Rfd8 21. Qf3 Nxc3 22. Rxe7 Qxe7 23. Bxc3 Qg5 24. Rb1 f6 25. Ba5 Rdb8 26. Re1 Re8 27. Qd1 h6 28. Nd6 Rxe1+ 29. Qxe1 Qe5 30. Qxe5 fxe5 31. Bc3 Rd8 32. Bxe5 Kf8 33. Nf5 Rxd3 34. Bxg7+ Kf7 35. Bb2 Rb3 36. Nxh6+ Kg6 37. Ng4 Rxb2 38. f4 Kf5 39. Nf2 c4 0-1

[Event "GER-ch U25-C"]
[Site "Willingen"]
[Date "2018.05.20"]
[Round "2"]
[White "Scharf, Christian"]
[Black "Hernando, Leonard"]
[Result "1-0"]
[WhiteElo "1246"]
[BlackElo "1107"]
[PlyCount "133"]
[EventDate "2018.05.19"]
[EventType "swiss"]
[EventRounds "9"]
[EventCountry "GER"]
[SourceTitle "CBM 184 Extra"]
[Source "ChessBase"]
[SourceDate "2018.06.28"]
[SourceVersion "1"]
[SourceVersionDate "2018.06.28"]
[SourceQuality "1"]

1. e4 e5 2. Nf3 Nc6 3. Bc4 Nf6 4. Ng5 d5 5. exd5 Na5 6. Bb5+ c6 7. dxc6 bxc6 8. Be2 h6 9. Nf3 e4 10. Ne5 Bd6 11. d4 0-0 12. 0-0 Be6 13. Nc3 Qc7 14. Bf4 Nc4 15. Bxc4 Bxc4 16. Nxc4 Bxf4 17. g3 Bg5 18. h4 e3 19. hxg5 exf2+ 20. Rxf2 Qxg3+ 21. Rg2 Qh4 22. gxf6 Qxf6 23. Qd2 Rad8 24. Ne2 c5 25. Rf1 Qe6 26. b3 Rfe8 27. Rf3 cxd4 28. Nxd4 Qe1+ 29. Rf1 Qxd2 30. Rxd2 Re4 31. Nf3 Rxd2 32. Nfxd2 Rg4+ 33. Kf2 Kf8 34. Ke3 h5 35. Ne5 Rg5 36. Nxf7 Rg2 37. Ne5+ Ke8 38. Rh1 g6 39. Nef3 Ke7 40. Rg1 Rxg1 41. Nxg1 Ke6 42. Kf4 Kf6 43. Ngf3 a6 44. Ne4+ Kg7 45. Kg5 Kh7 46. c4 Kg7 47. c5 Kf7 48. Ne5+ Ke7 49. c6 Kd8 50. Nc5 a5 51. Ne6+ Kc8 52. c7 Kb7 53. Nf7 Kc8 54. Nd6+ Kd7 55. c8Q+ Kxd6 56. Qc5+ Kxe6 57. Kxg6 h4 58. Qe3+ Kd7 59. Qd4+ Kc7 60. Qxh4 Kd7 61. Qf6 Kc7 62. Kf5 Kd7 63. Ke5 Kc7 64. Kd5 Kc8 65. Qg7 Kb8 66. Kc6 Ka8 67. Qb7# 1-0

[Event "Mecklenburg VP-ch U12"]
[Site "Malchow"]
[Date "2018.02.07"]
[Round "7.4"]
[White "Schott, Andy"]
[Black "Scharf, Christian"]
[Result "1-0"]
[WhiteElo "1080"]
[BlackElo "1099"]
[PlyCount "63"]
[EventDate "2018.02.07"]
[EventType "swiss"]
[EventRounds "7"]
[EventCountry "GER"]
[SourceTitle "EXT 2022"]
[Source "ChessBase"]
[SourceDate "2021.10.06"]
[SourceVersion "1"]
[SourceVersionDate "2021.10.06"]
[SourceQuality "1"]

1. e4 e5 2. Nf3 Nc6 3. Bc4 Bc5 4. Nc3 Nf6 5. d3 d6 6. Bg5 h6 7. Bh4 g5 8. Bg3 Be6 9. Bb3 Qd7 10. Qd2 0-0-0 11. 0-0-0 Nd4 12. Nxd4 Bxd4 13. h4 Rhg8 14. hxg5 hxg5 15. f3 Qc6 16. Ne2 Qa6 17. Nxd4 Bxb3 18. Nxb3 Qxa2 19. Qa5 Qxa5 20. Nxa5 Rde8 21. Bf2 b6 22. Nc4 Kb7 23. Kd2 b5 24. Na5+ Ka6 25. Ra1 c5 26. Ra2 Re7 27. Nc6+ Kb7 28. Nxe7 Re8 29. Nf5 Rd8 30. Rha1 Ra8 31. Nxd6+ Kb6 32. Nxf7 1-0

[Event "Mecklenburg VP-ch Youth"]
[Site "Malchow"]
[Date "2017.02.14"]
[Round "3.9"]
[White "Scharf, Christian"]
[Black "Bohndorf, Jonas"]
[Result "1-0"]
[WhiteElo "1015"]
[BlackElo "729"]
[PlyCount "49"]
[EventDate "2017.02.08"]
[EventType "swiss"]
[EventRounds "7"]
[EventCountry "GER"]
[SourceTitle "EXT 2022"]
[Source "ChessBase"]
[SourceDate "2021.10.06"]
[SourceVersion "1"]
[SourceVersionDate "2021.10.06"]
[SourceQuality "1"]

1. e4 e5 2. Nf3 Nc6 3. Bc4 Nf6 4. Nc3 Bb4 5. d3 d6 6. Be3 Bg4 7. Qd2 h6 8. h3 Bxf3 9. gxf3 Qd7 10. 0-0-0 0-0-0 11. d4 Qe8 12. Bb5 a6 13. Ba4 b5 14. Bb3 Na5 15. a3 Bxc3 16. Qxc3 Nxb3+ 17. Qxb3 Qe6 18. d5 Qe7 19. a4 Qd7 20. axb5 axb5 21. Qa3 Qe7 22. Qa8+ Kd7 23. Qc6+ Kc8 24. Rd3 Qd7 25. Qa8# 1-0

[Event "GER-ch U10"]
[Site "Willingen"]
[Date "2016.05.18"]
[Round "6.24"]
[White "Scharf, Christian"]
[Black "Sallandt, Frido"]
[Result "1/2-1/2"]
[WhiteElo "999"]
[BlackElo "1080"]
[PlyCount "46"]
[EventDate "2016.05.15"]
[EventType "swiss"]
[EventRounds "11"]
[EventCountry "GER"]
[SourceTitle "CBM 172 Extra"]
[Source "ChessBase"]
[SourceDate "2016.06.21"]
[SourceVersion "1"]
[SourceVersionDate "2016.06.21"]
[SourceQuality "1"]

1. e4 e5 2. Nf3 Nc6 3. Bc4 Bc5 4. c3 Nf6 5. d4 exd4 6. cxd4 Bb4+ 7. Bd2 Nxe4 8. Bxf7+ Kxf7 9. Bxb4 Nxb4 10. Qb3+ d5 11. Ne5+ Ke8 12. Qxb4 Qd6 13. Qa4+ Bd7 14. Nxd7 Qxd7 15. Qc2 Rf8 16. 0-0 h5 17. Re1 Kd8 18. f3 Nf6 19. Nd2 a5 20. Nb3 b6 21. Nc1 Re8 22. Nd3 Rxe1+ 23. Rxe1 Qf5 1/2-1/2

[Event "GER-ch U10"]
[Site "Willingen"]
[Date "2016.05.16"]
[Round "4.25"]
[White "Scharf, Christian"]
[Black "Boehm, Karl"]
[Result "1-0"]
[WhiteElo "999"]
[BlackElo "1341"]
[PlyCount "93"]
[EventDate "2016.05.15"]
[EventType "swiss"]
[EventRounds "11"]
[EventCountry "GER"]
[SourceTitle "CBM 172 Extra"]
[Source "ChessBase"]
[SourceDate "2016.06.21"]
[SourceVersion "1"]
[SourceVersionDate "2016.06.21"]
[SourceQuality "1"]

1. e4 e5 2. Nf3 Nc6 3. Bc4 d6 4. Nc3 Bg4 5. d3 Be7 6. Be3 Nf6 7. h3 Bh5 8. g4 Bg6 9. Qd2 Qd7 10. 0-0-0 0-0-0 11. Rdg1 h6 12. Rg2 Kb8 13. Rhg1 Rdg8 14. h4 h5 15. gxh5 Bxh5 16. Ng5 Bd8 17. Nd5 Nxd5 18. Bxd5 Rf8 19. f4 Ne7 20. Bc4 exf4 21. Bxf4 d5 22. exd5 Nxd5 23. Ne4 Nxf4 24. Qxf4 Bg6 25. Rh1 Qc6 26. Rgh2 Bxe4 27. Qxe4 Qxe4 28. dxe4 f5 29. exf5 Rxf5 30. Bd3 Rfh5 31. Rg1 Bxh4 32. Rxg7 Bg5+ 33. Rxg5 Rxh2 34. Rg7 a6 35. a3 Rf2 36. Kb1 Rff8 37. b4 Rhg8 38. Rd7 Kc8 39. Rd4 c6 40. c4 Kc7 41. Kb2 Rd8 42. Rxd8 Kxd8 43. b5 axb5 44. cxb5 cxb5 45. Bxb5 Kc7 46. Kb3 Kb6 47. Bc4 1-0